000 01109cam2a220028900 4500
001 zam00002170
008 951128s1977 xx eng u
035 _a(Sirsi) r19549
035 _a(MACHINE)SLC.
100 1 _aJones, M. H.
_6A80472.1
245 1 2 _aA practical introduction to electronic circuits.
260 _c1977.
949 _aTK7867
_wlcc
_i33729001870224
_mMAIN
_p2500
_tSHORTLOAN
_lSHORTLOAN
949 _aTK7867
_wlcc
_i33729000105309
_mMAIN
_p2500
_tSHORTLOAN
_lSHORTLOAN
949 _aTK7867
_wlcc
_i33729000105366
_mMAIN
_p2500
_tSHORTLOAN
_lSHORTLOAN
949 _aTK7867
_wlcc
_i33729000105473
_mMAIN
_p2500
_tSHORTLOAN
_lSHORTLOAN
949 _aTK7867
_wlcc
_i33729000105531
_mMAIN
_p2500
_tSHORTLOAN
_lSHORTLOAN
949 _aTK7867
_wlcc
_i33729000105598
_mMAIN
_p2500
_tSHORTLOAN
_lSHORTLOAN
004 19549
591 _aClass code: EE 440.
591 _aCourse: Electronic engineering.
591 _aSchool: S04.
591 _aLecturer: Mr. CHIMFWEMBE, P.C.
591 _aNumber of Students: 17.
900 _2MAIN
_8TK7867
_9JON
_c6
909 _aBook
999 _c169591
_d169590